| 000 | 00495nam a2200145 a 4500 | ||
|---|---|---|---|
| 001 | 000035873 | ||
| 005 | 20200930074701.0 | ||
| 008 | 111115s19-- uu 000 spa d | ||
| 040 |
_aDO-SdBNP _bspa _cBNPHU |
||
| 082 |
_axxxx _bG838g |
||
| 100 | 1 |
_aGrevillot, Jean Marie _961862 |
|
| 245 | 1 | 4 |
_aLas grandes corrientes del pensamiento contemporaneo : _bexistencialismo-marxismo personalismo cristiano / _cJean Marie Grevillot. |
| 260 |
_a[Paris] . : _bZig-Zag, _c[19--?]. |
||
| 300 |
_a314 p. ; _c21 cm. |
||
| 999 |
_c35364 _d35364 |
||